000 00572nam a2200181Ia 4500
003 GCL
008 140319s9999 xx 000 0 ara d
040 _aGCL /
_cGCL
082 0 4 _aد
_b050
100 1 _aابراهيم عصمت مطاوع
245 1 0 _aعلم النفس واهميته فى حياتنا (اقرا 464) /
_cابراهيم عصمت مطاوع
300 _a160 ص
490 _aوثائق ونصوص
_v0
650 0 4 _aعلم النفس
650 0 4 _aعلم النفس التربوى
650 0 4 _aعلم النفس الاجتماعى
942 _2ddc
_cCF
999 _c27234
_d27234